Statistiques concernant CSGO Top 20 HLTV 2014

Cliquez ici pour prendre le quiz!

Statistiques générales

  • Ce quiz a été pris 8 fois
  • Le résultat moyen est 15 sur 20

Statistiques - réponses

Top #CountryPlayer% Correct
6FrancekennyS
100%
15FranceapEx
83%
7Swedenf0rest
83%
2Swedenflusha
83%
1SwedenGeT_RiGhT
83%
10FranceHappy
83%
5SwedenJW
83%
9SwedenKRIMZ
83%
17FranceNBK
83%
12Swedenolofmeister
83%
3PolandpashaBiceps
83%
8Franceshox
83%
4PolandSnax
83%
13Polandbyali
67%
20Denmarkdev1ce
67%
11SlovakiaGuardian
67%
19FrancekioShiMa
67%
16Denmarkdupreeh
50%
14Swedenfriberg
50%
18USAswag
0%

Distribution des résultats

Percentile par nombre de réponses

% des personnes avec chaque résultat

Votre développement - résultats

Vous n’avez pas pris ce quiz